MARC

LEADER 00000nam0a2200000 4500
001 349359
005 20231102010208.0
035 |a (RuTPU)RU\TPU\retro\1503 
090 |a 349359 
100 |a 20180507d1953 km y0rusy50 ca 
101 0 |a rus 
102 |a RU 
105 |a y z 001zy 
200 1 |a Таблицы In Г [z] в комплексной области  |f А. А. Абрамов  |g Академия наук СССР (АН СССР), Институт точной механики и вычислительной техники им. С. А. Лебедева (ИТМиВТ) 
210 |a Москва  |c Изд-во Академии наук СССР  |d 1953 
215 |a 333 с. 
225 1 |a Математические таблицы 
320 |a Библиогр.: с. 12 
606 1 |a Функции  |x Экстремум  |x Задачи  |x Решение  |x Численные методы  |2 stltpush  |3 (RuTPU)RU\TPU\subj\17041  |9 42889 
610 1 |a прямоугольники 
610 1 |a формулы 
610 1 |a интерполяции 
610 1 |a номограммы 
610 1 |a вычисления 
675 |a 519.61  |v 4 
700 1 |a Абрамов  |b А. А. 
712 0 2 |a Академия наук СССР (АН СССР)  |b Институт точной механики и вычислительной техники им. С. А. Лебедева (ИТМиВТ)  |2 stltpush  |3 (RuTPU)RU\TPU\col\19406 
801 1 |a RU  |b 63413507  |c 20180507 
801 2 |a RU  |b 63413507  |c 20180511  |g RCR 
942 |c BK